LEADER 00510nab a2200133 i 4500 001 000000321245 003 CaOOAMICUS 005 20180831173342.0 008 180831n it uu u0 0ita r 013 $a31471 040 $aSeMil$bita 245 10$aLà dove tutto ci parla di Gesù. - In [rubrica] :$bEsperienze estive. 773 0 $tVie incontro all'umano. - 32 p. - Titolo dalla copertina.$gp.10-11$w()280285 996 $6245$aLà dove tutto ci parla di Gesù. - In [rubrica] :$bEsperienze estive.$9(OLS)http://semarc/title/394798 LEADER 00660naa a2200157 i 4500 001 000000306331 003 CaOOAMICUS 005 20180831172854.0 008 180831n it u000 u ita u 013 $a14765 040 $aSeMil$bita 100 1 $aEtchegaray, Roger,$c.$0(OLS)http://semarc/name/18760 245 10$aUnità dei cristiani e primato nel servizio della carità. 650 4$aCarità e ecumenismo.$0(OLS)http://semarc/subject/43445 773 0 $tDivinarum Rerum notitia.$dRoma : Studium, 2001.$kCultura$z88-382-3864-2$gp.411-419$w()77464 996 $6245$aUnità dei cristiani e primato nel servizio della carità$9(OLS)http://semarc/title/381750